[Event "Open Est 2013-2014"]
[Site "Aubagne"]
[Date "2013.10.05"]
[Round "1.1"]
[White "Rieu, Jean"]
[Black "Crapon, Laurent"]
[Result "0-1"]
[WhiteElo "1390"]
[BlackElo "1794"]
[PlyCount "82"]

1. Nf3 Nc6 2. e4 e5 3. Be2 Bc5 4. O-O Nf6 5. d3 h6 6. Nc3 O-O 7. Be3 d6 8. Bxc5
dxc5 9. Re1 Nd4 10. Nxe5 Nh7 11. Ng4 Qg5 12. Nd5 Nxe2+ 13. Qxe2 Bxg4 14. Qe3 c6
15. Qxg5 Nxg5 16. Ne3 Bd7 17. f4 Ne6 18. Rf1 Rad8 19. Ng4 Nd4 20. f5 Nxc2 21.
Rac1 Nb4 22. Rf3 Bc8 23. Rg3 Kh7 24. h4 Rxd3 25. Kh2 b6 26. f6 Rxg3 27. Kxg3
Bxg4 28. Kxg4 gxf6 29. Rf1 Nxa2 30. Rxf6 Nb4 31. h5 Nd3 32. g3 Kg7 33. Kf5 Rc8
34. g4 Nxb2 35. g5 hxg5 36. h6+ Kh7 37. Kxg5 Rc7 38. e5 c4 39. Kf5 c3 40. e6
fxe6+ 41. Kxe6 c2 0-1

[Event "Open Est 2013-2014"]
[Site "Aubagne"]
[Date "2013.10.05"]
[Round "1.2"]
[White "Cescon, Moreno"]
[Black "Benezra, David"]
[Result "1-0"]
[WhiteElo "1756"]
[BlackElo "1386"]
[PlyCount "63"]

1. e4 c5 2. Bc4 e6 3. Nf3 a6 4. a4 b6 5. O-O d5 6. exd5 exd5 7. Re1+ Be7 8. Ba2
Nf6 9. d4 O-O 10. Ne5 Bb7 11. Bg5 Nbd7 12. c3 Ne4 13. Bxe7 Qxe7 14. Nxd7 Qxd7
15. dxc5 bxc5 16. Rxe4 d4 17. Re3 Qc6 18. Rg3 Rfe8 19. cxd4 cxd4 20. Nd2 Rac8
21. Qg4 Qc1+ 22. Rxc1 Rxc1+ 23. Nf1 g6 24. h4 Ree1 25. Bc4 Rxc4 26. Rd3 Rec1
27. Qxd4 Rxf1+ 28. Kh2 Ra1 29. f3 Rh1+ 30. Kg3 Re1 31. Qf6 Re8 32. Rd7 1-0

[Event "Open Est 2013-2014"]
[Site "Aubagne"]
[Date "2013.10.05"]
[Round "1.3"]
[White "Mallet, Philippe"]
[Black "Gambino, Max"]
[Result "0-1"]
[WhiteElo "1370"]
[BlackElo "1730"]
[PlyCount "64"]

1. Nf3 b6 2. b3 Bb7 3. e3 e6 4. Bb2 Nf6 5. d3 Be7 6. Qe2 O-O 7. Nbd2 c5 8. h3
Nc6 9. a3 d5 10. g4 d4 11. e4 g6 12. Rg1 Nd7 13. Bc1 Nde5 14. Nxe5 Nxe5 15. Nf3
Nxf3+ 16. Qxf3 Bg5 17. Bxg5 Qxg5 18. Qg3 Qe7 19. Rh1 f5 20. gxf5 exf5 21. Bg2
fxe4 22. O-O-O exd3 23. Rhe1 Qd7 24. Bxb7 dxc2 25. Bxa8 cxd1=Q+ 26. Rxd1 Rxa8
27. Qg5 Qf5 28. Qg4 Qxg4 29. hxg4 Re8 30. Rf1 Re2 31. f3 Ra2 32. a4 Ra1+ 0-1

[Event "Open Est 2013-2014"]
[Site "Aubagne"]
[Date "2013.10.05"]
[Round "1.4"]
[White "Benezra, Amos"]
[Black "Gamblin, Vincent"]
[Result "1-0"]
[WhiteElo "1699"]
[BlackElo "1362"]
[PlyCount "63"]

1. e4 c5 2. Nf3 d6 3. d4 cxd4 4. Nxd4 Nf6 5. Nc3 g6 6. Be3 Bg7 7. f3 O-O 8. Qd2
a6 9. O-O-O Nc6 10. h4 Bd7 11. g4 h5 12. gxh5 Nxh5 13. Nxc6 bxc6 14. Bh6 c5 15.
Bxg7 Kxg7 16. Bc4 e6 17. Qxd6 Bb5 18. Nxb5 axb5 19. Qxd8 Rfxd8 20. Rxd8 Rxd8
21. Bxb5 Nf4 22. Rd1 Rh8 23. Rh1 Ng2 24. a4 Nxh4 25. a5 g5 26. Bc6 Rc8 27. Bb7
Rf8 28. a6 Nxf3 29. a7 g4 30. a8=Q Rxa8 31. Bxa8 g3 32. Rh3 1-0

[Event "Open Est 2013-2014"]
[Site "Aubagne"]
[Date "2013.10.05"]
[Round "1.5"]
[White "Autouard, Jean Luc"]
[Black "Vialette, Eric"]
[Result "0-1"]
[WhiteElo "1350"]
[BlackElo "1684"]
[PlyCount "90"]

1. e4 d6 2. Nf3 g6 3. Bc4 Bg7 4. Nc3 Nc6 5. O-O Nf6 6. d4 O-O 7. Be3 a6 8. Qd2
b5 9. Bd3 Re8 10. Rfe1 Bg4 11. d5 Na7 12. Nh4 c5 13. f3 Bc8 14. f4 Ng4 15. f5
Nxe3 16. Qxe3 Bd4 17. fxg6 fxg6 18. Nf3 Bxe3+ 19. Rxe3 Qb6 20. Nd1 Rf8 21. e5
c4 22. Be4 Bf5 23. Kh1 Bxe4 24. Rxe4 Rae8 25. e6 Rf5 26. Ne3 Rxf3 27. gxf3 Rf8
28. Kg2 Qa5 29. c3 Rf6 30. Ng4 Rf8 31. h4 b4 32. Rxc4 Qxd5 33. Re4 Qd2+ 34. Kg3
Qxb2 35. Rf1 Qxc3 36. Nh6+ Kg7 37. Nf7 h5 38. Kf4 Nc6 39. Rg1 Ne5 40. Re3 Qd2
41. Ke4 Nxf7 42. exf7 Rxf7 43. f4 e6 44. Kf3 e5 45. Rg2 Rxf4+ 0-1

[Event "Open Est 2013-2014"]
[Site "Aubagne"]
[Date "2013.10.05"]
[Round "1.6"]
[White "Hunault, Francis"]
[Black "Batalov, Azat"]
[Result "0-1"]
[WhiteElo "1670"]
[BlackElo "1370"]
[PlyCount "104"]

1. d4 d5 2. Nf3 e6 3. e3 Bd6 4. c4 b6 5. Nc3 Bb7 6. cxd5 exd5 7. Bd3 Ne7 8. O-O
O-O 9. Qc2 g6 10. e4 c5 11. e5 Bc7 12. Bh6 Re8 13. Ne2 c4 14. Bxg6 fxg6 15. h4
Nf5 16. Bg5 Qd7 17. Rae1 Nc6 18. Be3 Nb4 19. Qb1 Ba6 20. Nc3 Nd3 21. Re2 b5 22.
a3 Rab8 23. b4 Bd8 24. h5 gxh5 25. Ne1 Nh4 26. Nxd3 cxd3 27. Qxd3 Qg4 28. f4
Bc8 29. Nxd5 Bf5 30. Qd2 Re6 31. Qa2 Rb7 32. Rff2 Rg7 33. Bc1 Kh8 34. Ne3 Qg6
35. d5 Re8 36. e6 Be4 37. f5 Nxf5 38. Nxf5 Bxf5 39. Bb2 Bf6 40. Bxf6 Qxf6 41.
d6 Rxe6 42. Rxf5 Rxe2 43. Qxe2 Qxf5 44. Qe8+ Rg8 45. d7 Qg5 46. Qe2 Qd8 47.
Qxb5 Rg7 48. Qxh5 Qxd7 49. Qe5 Qd1+ 50. Kh2 Qd8 51. a4 Qc7 52. Qxc7 Rxc7 0-1

[Event "Open Est 2013-2014"]
[Site "Aubagne"]
[Date "2013.10.05"]
[Round "1.7"]
[White "Gomez, Guy"]
[Black "Benezra, Silke"]
[Result "1/2-1/2"]
[WhiteElo "1662"]
[BlackElo "1350"]
[PlyCount "62"]

1. e4 e5 2. Nf3 Nc6 3. c3 Nf6 4. Bd3 Be7 5. Bc2 d5 6. exd5 Qxd5 7. d3 Be6 8.
Be3 O-O-O 9. c4 Qd7 10. Nc3 a6 11. a3 Ng4 12. Bg5 h6 13. Bxe7 Qxe7 14. Qe2 Rhe8
15. h3 Nd4 16. Nxd4 exd4 17. Ne4 Nf6 18. Ba4 Bd7 19. Bxd7+ Rxd7 20. f3 Nxe4 21.
fxe4 f5 22. Kd2 fxe4 23. dxe4 Qxe4 24. Qxe4 Rxe4 25. Rhe1 Re3 26. Rxe3 dxe3+
27. Kxe3 Re7+ 28. Kd3 Rd7+ 29. Ke3 Re7+ 30. Kf3 Rf7+ 31. Kg3 c5 1/2-1/2

[Event "Open Est 2013-2014"]
[Site "Aubagne"]
[Date "2013.10.05"]
[Round "1.8"]
[White "Rasolo, Loick"]
[Black "Derige Kane, Yan"]
[Result "0-1"]
[WhiteElo "1350"]
[BlackElo "1653"]
[PlyCount "92"]

1. e4 e5 2. Nf3 Nc6 3. Bc4 Bc5 4. d3 h6 5. a3 d6 6. h3 Nf6 7. Nc3 O-O 8. b4 Bb6
9. Bd2 Re8 10. Ba2 Nd4 11. a4 c6 12. a5 Nxf3+ 13. Qxf3 Bd4 14. Rb1 d5 15. Ne2
a6 16. Qg3 Kh8 17. exd5 cxd5 18. c3 Ba7 19. O-O e4 20. d4 Bf5 21. Qh4 e3 22.
Bxe3 Bxb1 23. Bxb1 Ne4 24. Qh5 Qd7 25. Ng3 Nxg3 26. Qh4 Nxf1 27. Kxf1 Qb5+ 28.
Kg1 Rxe3 29. fxe3 Qe2 30. Qf4 Qe1+ 31. Qf1 Qxf1+ 32. Kxf1 Re8 33. Kf2 b6 34.
axb6 Bxb6 35. Ba2 a5 36. Bxd5 a4 37. Ke2 f5 38. Bc6 a3 39. Bd5 f4 40. e4 Rxe4+
41. Bxe4 a2 42. d5 a1=Q 43. Kd3 Qd1+ 44. Kc4 Qe2+ 45. Bd3 Qxg2 46. d6 Qc6+ 0-1

[Event "Open Est 2013-2014"]
[Site "Aubagne"]
[Date "2013.10.05"]
[Round "1.9"]
[White "Fournier, Alain"]
[Black "Periale, Albert"]
[Result "1-0"]
[WhiteElo "1650"]
[BlackElo "1340"]
[PlyCount "65"]

1. e4 e5 2. Nf3 Nc6 3. d3 Nf6 4. Nbd2 Be7 5. Be2 d6 6. c3 a6 7. O-O O-O 8. Re1
Re8 9. Nf1 h6 10. Ng3 Bf8 11. Qc2 Ne7 12. d4 exd4 13. cxd4 Ng6 14. Bc4 Nh8 15.
Bd2 b5 16. Bb3 Bb7 17. d5 Rc8 18. Ba5 Qd7 19. a4 c6 20. dxc6 Qxc6 21. Qxc6 Bxc6
22. axb5 axb5 23. Nd4 Nxe4 24. Nxc6 Nxg3 25. Rxe8 Ne2+ 26. Rxe2 Rxc6 27. Bb4
Ng6 28. Re8 Ne7 29. f3 Nf5 30. Rd1 h5 31. g4 hxg4 32. fxg4 Ne7 33. Bxd6 1-0

[Event "Open Est 2013-2014"]
[Site "Aubagne"]
[Date "2013.10.05"]
[Round "1.10"]
[White "Gamblin, Antoine"]
[Black "Ollier, Laurent"]
[Result "0-1"]
[WhiteElo "1314"]
[BlackElo "1650"]
[PlyCount "48"]

1. d4 d5 2. c4 Nf6 3. cxd5 Nxd5 4. e4 Nb6 5. Nf3 g6 6. Be3 Bg7 7. Be2 Nc6 8. h3
O-O 9. O-O Nd7 10. Qd2 Nf6 11. Nc3 b6 12. a3 Bb7 13. b4 e6 14. Rac1 a5 15. b5
Ne7 16. Bd3 Nh5 17. Bh6 f5 18. e5 Bxf3 19. gxf3 Qxd4 20. Bxg7 Kxg7 21. Qe3 Qh4
22. Kg2 Nf4+ 23. Kg1 Qg5+ 24. Kh1 Qg2# 0-1

[Event "Open Est 2013-2014"]
[Site "Aubagne"]
[Date "2013.10.05"]
[Round "1.11"]
[White "Salvi, Michel"]
[Black "Toche, Ange"]
[Result "1-0"]
[WhiteElo "1648"]
[BlackElo "1310"]
[PlyCount "55"]

1. e4 c5 2. Nf3 Nc6 3. d4 e6 4. Be3 d5 5. exd5 exd5 6. Nc3 cxd4 7. Nxd4 Nxd4 8.
Bxd4 a6 9. Qf3 Be6 10. O-O-O Nf6 11. h3 Bb4 12. g4 Bxc3 13. Bxc3 Ne4 14. Bd4
O-O 15. Bd3 f5 16. Qe2 Qg5+ 17. Kb1 Rad8 18. f3 Kh8 19. gxf5 Ng3 20. Qxe6 Nxh1
21. Rxh1 Rfe8 22. Qb6 Qh4 23. b3 Qf4 24. Rg1 Rd7 25. f6 Rg8 26. fxg7+ Rgxg7 27.
Rxg7 Rxg7 28. Qd8+ 1-0

[Event "Open Est 2013-2014"]
[Site "Aubagne"]
[Date "2013.10.05"]
[Round "1.12"]
[White "Pouliquen, Gilbert"]
[Black "Alquier, Matthieu"]
[Result "0-1"]
[WhiteElo "1290"]
[BlackElo "1599"]
[PlyCount "96"]

1. e4 b6 2. d4 Bb7 3. Nc3 e6 4. d5 Bb4 5. a3 Bxc3+ 6. bxc3 Nf6 7. f3 exd5 8.
Bd3 Qe7 9. Qe2 dxe4 10. fxe4 Nxe4 11. Bb2 O-O 12. Nf3 Re8 13. c4 Nc5 14. O-O
Nxd3 15. Qxd3 Na6 16. Rfe1 Nc5 17. Qc3 f6 18. Rxe7 Rxe7 19. Re1 Rae8 20. Rxe7
Rxe7 21. Bc1 Re4 22. Be3 Ba6 23. Nd2 Na4 24. Qd3 Re7 25. Qd5+ Kf8 26. Bf2 c6
27. Qd6 Nb2 28. Qb8+ Re8 29. Qxa7 Bxc4 30. Nxc4 Nxc4 31. Qxd7 Re2 32. Qc8+ Kf7
33. Qxc6 Rxc2 34. Bxb6 Nxa3 35. Qd5+ Kg6 36. Qe4+ Kf7 37. Qxh7 Rc1+ 38. Kf2
Rc2+ 39. Kf3 Rc3+ 40. Be3 Nc4 41. Qh5+ Kg8 42. Qd5+ Kh7 43. Qe4+ Kg8 44. Qd5+
Kh7 45. Kf2 Rc2+ 46. Kf3 Rc3 47. Ke2 Nxe3 48. Kd2 Nxd5 0-1

[Event "Open Est 2013-2014"]
[Site "Aubagne"]
[Date "2013.10.05"]
[Round "1.13"]
[White "Marroni, Bruno"]
[Black "Garbe, Georges"]
[Result "1-0"]
[WhiteElo "1580"]
[BlackElo "1280"]
[PlyCount "137"]

1. e4 e5 2. d3 d6 3. Ne2 Ne7 4. Ng3 Ng6 5. Be2 Be7 6. O-O O-O 7. Nh5 Nh4 8. f4
g6 9. Ng3 g5 10. f5 Nd7 11. Nh5 Nf6 12. Bxg5 Nxh5 13. Bxe7 Qxe7 14. Bxh5 Qg5
15. Qg4 Qxg4 16. Bxg4 Ng6 17. Nc3 Ne7 18. Kf2 Nc6 19. Nd5 f6 20. Nxc7 Rb8 21.
Bh5 b6 22. c3 Rb7 23. Ne6 Bxe6 24. fxe6 Rg7 25. g4 Ne7 26. c4 Ng6 27. Rg1 Nf4
28. Ke3 Nxe6 29. h4 Nd4 30. Raf1 Ne6 31. g5 Nf4 32. Bd1 Nh5 33. Bb3 Kh8 34.
gxf6 Nxf6 35. Rxg7 Kxg7 36. Kd2 Kh6 37. Bd1 Nxe4+ 38. Ke1 Rxf1+ 39. Kxf1 Ng3+
40. Kg2 Nf5 41. Kh3 Ne3 42. Ba4 a5 43. Kg3 Nf5+ 44. Kf3 Nxh4+ 45. Ke4 Kg5 46.
Kd5 Nf5 47. Kc6 h5 48. Kxb6 h4 49. Bc6 Nd4 50. Bb7 a4 51. Kc7 Nf5 52. b4 h3 53.
b5 h2 54. Bh1 Ng3 55. Bg2 Kf4 56. b6 e4 57. b7 exd3 58. b8=Q h1=Q 59. Qf8+ Ke3
60. Qf3+ Kd4 61. Bxh1 Ne2 62. Qf6+ Kxc4 63. Qxd6 Kc3 64. Qe5+ Kc2 65. Be4 Kd2
66. Bxd3 Kxd3 67. Qd6+ Nd4 68. Qa3+ Ke4 69. Qxa4 1-0

[Event "Open Est 2013-2014"]
[Site "Aubagne"]
[Date "2013.10.05"]
[Round "1.14"]
[White "Konate, Salma"]
[Black "Vicari-Vento, Salvatore"]
[Result "1/2-1/2"]
[WhiteElo "1280"]
[BlackElo "1574"]
[PlyCount "136"]

1. e4 c5 2. Nf3 d6 3. Nc3 Nf6 4. d4 cxd4 5. Nxd4 a6 6. Nf3 e5 7. Bc4 Be7 8. h3
O-O 9. Bg5 Qc7 10. Bb3 b5 11. Bd5 Bb7 12. Bxf6 Bxf6 13. Bxb7 Qxb7 14. Qxd6 Rd8
15. Qc5 Be7 16. Qxe5 Bf6 17. Qf4 Nd7 18. O-O Re8 19. Rfe1 Ne5 20. Nd5 Nxf3+ 21.
Qxf3 Bxb2 22. Rab1 Be5 23. Rbd1 Rac8 24. Rd2 b4 25. Red1 a5 26. Qf5 f6 27. Ne3
Bc3 28. Qd7 Qxe4 29. Qd5+ Qxd5 30. Rxd5 Ra8 31. Kf1 Kf7 32. Rd7+ Re7 33. Rxe7+
Kxe7 34. Nd5+ Kf7 35. Rd3 Rd8 36. Nxc3 Rxd3 37. cxd3 bxc3 38. Ke2 Ke6 39. d4
Kd5 40. Kd3 c2 41. Kxc2 Kxd4 42. Kb3 Kc5 43. a3 g5 44. a4 h5 45. g3 f5 46. f3
g4 47. hxg4 f4 48. gxf4 h4 49. g5 h3 50. g6 h2 51. g7 h1=Q 52. g8=Q Qxf3+ 53.
Kb2 Qxf4 54. Qc8+ Kb6 55. Qd8+ Ka6 56. Qd3+ Kb6 57. Qb5+ Kc7 58. Qxa5+ Kb8 59.
Qb5+ Ka8 60. Qd7 Qf2+ 61. Kb3 Qf3+ 62. Kb4 Qb7+ 63. Qxb7+ Kxb7 64. Kb5 Ka7 65.
a5 Kb7 66. a6+ Ka7 67. Ka5 Kb8 68. Kb6 Ka8 1/2-1/2

[Event "Open Est 2013-2014"]
[Site "Aubagne"]
[Date "2013.10.05"]
[Round "1.15"]
[White "San-Nicolas, Robert"]
[Black "Masson, Wally"]
[Result "1-0"]
[WhiteElo "1570"]
[BlackElo "1280"]
[PlyCount "103"]

1. Nf3 d6 2. d4 Bg4 3. Nbd2 Nf6 4. e4 e5 5. d5 c6 6. c4 Qa5 7. Be2 Be7 8. O-O
O-O 9. Nh4 h5 10. Bxg4 Nxg4 11. h3 Bxh4 12. hxg4 Nd7 13. gxh5 Bg5 14. Nb3 Qd8
15. Qg4 Bxc1 16. Raxc1 Nf6 17. Qf5 Nh7 18. Rc3 Qg5 19. Qxg5 Nxg5 20. Nd2 f5 21.
exf5 Rxf5 22. g4 Rf4 23. Rg3 Raf8 24. Kg2 e4 25. b4 cxd5 26. cxd5 Kh7 27. Nc4
g6 28. hxg6+ Kxg6 29. Ne3 Rf3 30. Rxf3 exf3+ 31. Kg3 Ne4+ 32. Kh2 Rh8+ 33. Kg1
Ng5 34. a4 Nh3+ 35. Kh2 Nxf2+ 36. Kg3 Ne4+ 37. Kf4 Nd2 38. Rf2 Rf8+ 39. Nf5 Nc4
40. Rxf3 Ne5 41. Rh3 Kf7 42. Kg3 Rg8 43. Nh6+ Kg7 44. Nxg8 Kxg8 45. Rh6 Nf7 46.
Re6 Kg7 47. Kf4 a6 48. Kf5 Nh6+ 49. Rxh6 Kxh6 50. Ke6 Kg6 51. Kxd6 Kg5 52. Ke6
1-0

[Event "Open Est 2013-2014"]
[Site "Aubagne"]
[Date "2013.10.05"]
[Round "1.16"]
[White "Yahia Amar, Clement"]
[Black "Velut, Pierre-Marie"]
[Result "0-1"]
[WhiteElo "1280"]
[BlackElo "1570"]
[PlyCount "63"]

1. e4 e6 2. d4 d5 3. exd5 exd5 4. Nf3 Nf6 5. Bf4 Be7 6. Be2 O-O 7. O-O Re8 8.
Nc3 c5 9. Nb5 Na6 10. Nc3 c4 11. b3 Ne4 12. Nxe4 dxe4 13. Ne5 c3 14. Bc4 Rf8
15. Re1 Bf5 16. Qh5 g6 17. Bxf7+ Rxf7 18. Nxf7 gxh5 19. Nxd8 Rxd8 20. Be5 Nb4
21. Re2 Nc6 22. Bf4 Nxd4 23. Re3 Nxc2 24. Rg3+ Kf7 25. Rc1 Rd3 26. Re3 Nd4 27.
Rxc3 Ne2+ 28. Kf1 Nxc3 29. Re1 Rd1 30. Rxd1 Nxd1 31. Ke2 Nc3+ 32. Kf1 0-1

[Event "Open Est 2013-2014"]
[Site "Aubagne"]
[Date "2013.10.05"]
[Round "1.17"]
[White "Cavanihac, Claude"]
[Black "Pietrac, Christian"]
[Result "1/2-1/2"]
[WhiteElo "1569"]
[BlackElo "1271"]
[PlyCount "140"]

1. e4 Nf6 2. e5 Nd5 3. c4 Nf4 4. d4 Ne6 5. Nf3 c6 6. Be2 d6 7. d5 Nc7 8. exd6
Qxd6 9. Nc3 Bf5 10. O-O Nd7 11. Nd4 e6 12. Nxf5 exf5 13. Bf3 O-O-O 14. Qa4 a6
15. dxc6 Nc5 16. cxb7+ Kb8 17. Qc2 Qd3 18. Qxd3 Nxd3 19. Nd5 Bd6 20. Nxc7 Bxc7
21. Bd5 Rhe8 22. b4 Nxb4 23. Bxf7 Re7 24. Bh5 Re4 25. c5 g6 26. Bf3 Re6 27. a3
Nc2 28. Rb1 Rd3 29. Rd1 Re1+ 30. Rxe1 Nxe1 31. Be2 Rd5 32. Be3 Nc2 33. Bc4 Nxa3
34. Bxd5 Nxb1 35. c6 Nc3 36. Bc4 a5 37. Bd4 Ne4 38. f3 Nd2 39. Bg8 h6 40. Kf2
Nb1 41. h3 Bf4 42. Bh7 Kc7 43. Bxg6 Kxc6 44. Bxf5 Na3 45. Be4+ Kc7 46. g3 Bd6
47. h4 Nb5 48. Ba1 Bc5+ 49. Ke2 Nd6 50. Be5 a4 51. Bd5 a3 52. g4 a2 53. Bxa2
Kxb7 54. Bxd6 Bxd6 55. Kd3 Kc7 56. g5 Bf8 57. g6 Kd6 58. Ke4 Bg7 59. h5 Ke7 60.
Kd5 Bf6 61. f4 Bg7 62. Ke4 Kf6 63. Bf7 Bf8 64. Kd5 Bg7 65. Kd6 Bf8+ 66. Kd7 Kg7
67. Be6 Ba3 68. Bf5 Bb2 69. Kd6 Ba1 70. Be6 Bb2 1/2-1/2

[Event "Open Est 2013-2014"]
[Site "Aubagne"]
[Date "2013.10.05"]
[Round "1.18"]
[White "Mineo, Francois"]
[Black "Telouk, Olivier"]
[Result "0-1"]
[WhiteElo "1270"]
[BlackElo "1569"]
[PlyCount "88"]

1. e4 c5 2. Nc3 d6 3. Bc4 Nf6 4. d3 g6 5. Nf3 Bg7 6. O-O O-O 7. Bd2 Nc6 8. Bg5
Ng4 9. h3 Nge5 10. Bb3 Nxf3+ 11. Qxf3 Nd4 12. Qe3 Nxb3 13. axb3 Bh8 14. Nd5 f6
15. Bh6 Rf7 16. f4 f5 17. c3 e6 18. Bg5 Qd7 19. exf5 gxf5 20. Ne7+ Rxe7 21.
Bxe7 Qxe7 22. Qg3+ Bg7 23. Rf3 Kh8 24. Qg5 Qxg5 25. fxg5 b5 26. Rg3 Be5 27. Rf3
Bb7 28. Rf2 a6 29. Rd1 Bg3 30. Re2 e5 31. d4 cxd4 32. cxd4 e4 33. Rc2 d5 34.
Rc3 Bd6 35. Rf1 Rf8 36. Rc2 Kg7 37. Rff2 Kg6 38. h4 f4 39. Kh2 Bc8 40. Kh1 Kh5
41. g3 f3 42. Rc1 Bxg3 43. Rff1 Bh3 44. Rg1 Kxh4 0-1

[Event "Open Est 2013-2014"]
[Site "Aubagne"]
[Date "2013.10.05"]
[Round "1.19"]
[White "Leadbetter, Peter"]
[Black "Monteil, Marie-Joseph"]
[Result "1-0"]
[WhiteElo "1530"]
[BlackElo "1260"]
[PlyCount "53"]

1. d4 f5 2. c4 e6 3. Nc3 Nf6 4. Nf3 b6 5. e3 Bb7 6. Be2 c5 7. d5 Bd6 8. b3 O-O
9. Bb2 a6 10. Qd2 Qe7 11. Rd1 e5 12. O-O Qf7 13. h3 Bc7 14. d6 Bd8 15. Nxe5 Qe6
16. Nd5 Ne4 17. Qd3 Qxd6 18. Bf3 Bf6 19. Nxf6+ Qxf6 20. Nxd7 Qe7 21. Nxf8 Qxf8
22. Qd8 Nc6 23. Qxf8+ Rxf8 24. Rd7 Ba8 25. Bxe4 fxe4 26. Rxg7+ Kh8 27. Rg6+ 1-0

[Event "Open Est 2013-2014"]
[Site "Aubagne"]
[Date "2013.10.05"]
[Round "1.20"]
[White "Bodart, Thomas"]
[Black "Cocordano, Claire"]
[Result "0-1"]
[WhiteElo "1250"]
[BlackElo "1511"]
[PlyCount "72"]

1. e4 d6 2. Nc3 g6 3. d4 Nf6 4. Nf3 Bg7 5. Bd3 a6 6. a3 b5 7. Be3 Nbd7 8. h3
Bb7 9. Qd2 c5 10. b3 cxd4 11. Nxd4 Nc5 12. Bh6 O-O 13. Nf5 Ncxe4 14. Bxe4 Nxe4
15. Nxe4 Bxa1 16. c3 Bxe4 17. Qd4 f6 18. Qxe4 Bxc3+ 19. Kf1 gxf5 20. Qxf5 Rf7
21. Qg4+ Kh8 22. Qf3 Be5 23. Qd5 Qe8 24. a4 e6 25. Qd2 f5 26. f4 Bg7 27. Bg5 h6
28. Bxh6 Bxh6 29. g3 e5 30. Kg2 Rc8 31. Rc1 Rxc1 32. Qxc1 Qe6 33. Kf3 exf4 34.
gxf4 Qe4+ 35. Kg3 Rg7+ 36. Kh2 Qg2# 0-1

[Event "Open Est 2013-2014"]
[Site "Aubagne"]
[Date "2013.10.05"]
[Round "1.21"]
[White "Gallo, Nicolas"]
[Black "Pegon, Claude"]
[Result "1-0"]
[WhiteElo "1500"]
[BlackElo "1250"]
[PlyCount "57"]

1. e4 g6 2. d4 Bg7 3. Nf3 d6 4. Be3 Nf6 5. Nc3 O-O 6. Qd2 Bd7 7. O-O-O Na6 8.
Bh6 c5 9. Bxg7 Kxg7 10. e5 Ne8 11. Qf4 f6 12. exd6 e6 13. h4 h5 14. g4 Rh8 15.
Bd3 Qb6 16. Qe4 f5 17. gxf5 Nf6 18. Qe5 exf5 19. Qe7+ Kh6 20. Qxf6 Qd8 21. Qg5+
Qxg5+ 22. Nxg5 Raf8 23. Bxa6 bxa6 24. dxc5 Rf6 25. Rhe1 f4 26. Re7 Bg4 27. f3
Bf5 28. Nf7+ Kg7 29. Nxh8+ 1-0

[Event "Open Est 2013-2014"]
[Site "Aubagne"]
[Date "2013.10.05"]
[Round "1.22"]
[White "Bauden, Thomas"]
[Black "Danthier, Christophe"]
[Result "1/2-1/2"]
[WhiteElo "1220"]
[BlackElo "1499"]
[PlyCount "106"]

1. c4 e5 2. Nc3 Nf6 3. g3 Bb4 4. Bg2 Bxc3 5. dxc3 O-O 6. Nf3 d6 7. O-O Bg4 8.
Bg5 Bxf3 9. Bxf3 h6 10. Bxf6 Qxf6 11. Bxb7 Na6 12. Bxa6 d5 13. cxd5 Qxa6 14.
Qd3 Qg6 15. Qxg6 fxg6 16. Rad1 Rfd8 17. e3 Rab8 18. b3 a5 19. f4 e4 20. Rd4 Re8
21. Rc4 Re7 22. Rd1 g5 23. Rdd4 Rbe8 24. Rc5 gxf4 25. gxf4 g5 26. fxg5 hxg5 27.
Kf2 g4 28. d6 cxd6 29. Rg5+ Rg7 30. Rxg7+ Kxg7 31. Rxd6 Rh8 32. Kg3 Rh3+ 33.
Kxg4 Rxe3 34. Kf4 Re2 35. Rd4 e3 36. Re4 Rxh2 37. Rxe3 Rxa2 38. Re7+ Kf6 39.
Ra7 Ra3 40. c4 Rxb3 41. Rxa5 Rb4 42. Rc5 Ke6 43. Ke4 Kd6 44. Kd4 Rb2 45. Rd5+
Ke7 46. Kc5 Ra2 47. Kc6 Ra4 48. c5 Ra6+ 49. Kc7 Ra7+ 50. Kc8 Ke6 51. Rd8 Ra8+
52. Kc7 Rxd8 53. Kxd8 Kd5 1/2-1/2

[Event "Open Est 2013-2014"]
[Site "Aubagne"]
[Date "2013.10.05"]
[Round "1.23"]
[White "Rocchia, Alex"]
[Black "Campion, Nathan"]
[Result "1-0"]
[WhiteElo "1499"]
[BlackElo "1199"]
[PlyCount "69"]

1. e4 b6 2. Nf3 Bb7 3. Bc4 e6 4. O-O Bxe4 5. Nc3 Bb7 6. Re1 Bc5 7. d4 Bb4 8. d5
Ne7 9. dxe6 fxe6 10. a3 Bxc3 11. bxc3 O-O 12. Bb2 d5 13. Bd3 c5 14. Ng5 g6 15.
Nxe6 Qd6 16. Nxf8 Kxf8 17. Qf3+ Ke8 18. c4 Qd7 19. Bg7 Kd8 20. Qf8+ Kc7 21.
Be5+ Kc6 22. Qf3 Ba6 23. Qf6+ Kb7 24. Bg3 Nbc6 25. h3 Re8 26. Re6 Ng8 27. Rd6
Qe7 28. Qg5 dxc4 29. Rxg6 Qf7 30. Rg7 h6 31. Rxf7+ Nce7 32. Be4+ Kc8 33. Qg4+
Kd8 34. Rd1+ Nd5 35. Rxd5# 1-0

[Event "Open Est 2013-2014"]
[Site "Aubagne"]
[Date "2013.10.05"]
[Round "1.24"]
[White "Chikha, Zakaria"]
[Black "Yahia-Amar, Hocine"]
[Result "0-1"]
[WhiteElo "1199"]
[BlackElo "1499"]
[PlyCount "86"]

1. e4 e5 2. Nf3 d6 3. Nc3 Be7 4. Bc4 Nf6 5. Ng5 O-O 6. O-O d5 7. exd5 Nxd5 8.
Bxd5 Bxg5 9. Qe1 Nc6 10. Bxc6 bxc6 11. Qxe5 Re8 12. Qc5 Qe7 13. h3 Qxc5 14. d4
Qc4 15. Bxg5 Ba6 16. Rad1 Red8 17. Bxd8 Rxd8 18. Rfe1 c5 19. d5 Qb4 20. d6 Qb8
21. Ne4 c4 22. b3 cxd6 23. Nxd6 cxb3 24. cxb3 h6 25. Re7 Rxd6 26. Rxd6 Qxd6 27.
Re8+ Kh7 28. Ra8 Qc7 29. Re8 f6 30. Re6 Bb7 31. Re1 Qc6 32. f3 Qc2 33. Re7 Qc6
34. Re2 h5 35. Kf2 f5 36. Re3 Qc2+ 37. Re2 Qc5+ 38. Kg3 g5 39. Re7+ Qxe7 40.
Kh2 g4 41. fxg4 fxg4 42. g3 Qe2+ 43. Kg1 Qg2# 0-1

[Event "Open Est 2013-2014"]
[Site "Aubagne"]
[Date "2013.10.05"]
[Round "1.26"]
[White "Gamblin, Thibaut"]
[Black "Raimbault, Samuel"]
[Result "1/2-1/2"]
[WhiteElo "1474"]
[BlackElo "1199"]
[PlyCount "138"]

1. d4 Nf6 2. Bg5 e6 3. Nf3 h6 4. Bh4 Be7 5. c4 d5 6. e3 c5 7. dxc5 Bxc5 8. cxd5
Qa5+ 9. Nbd2 Nxd5 10. a3 Nc6 11. b4 Ncxb4 12. axb4 Qxb4 13. Qa4+ Qxa4 14. Rxa4
Bd7 15. Rc4 Rc8 16. Ne4 Be7 17. Rxc8+ Bxc8 18. Bb5+ Bd7 19. Bxd7+ Kxd7 20. Ne5+
Ke8 21. Bg3 Bb4+ 22. Ke2 Nc3+ 23. Kd3 Nxe4 24. Kxe4 f5+ 25. Kd4 b6 26. Rc1 Bc5+
27. Kd3 g5 28. Ke2 Rh7 29. Nd3 Bf8 30. Rc8+ Kf7 31. Ne5+ Kg8 32. Ng6 Rf7 33.
Bd6 Kg7 34. Nxf8 Rb7 35. Nxe6+ Kf6 36. Nc7 a5 37. Rf8+ Kg6 38. Be5 b5 39. Rf6+
Kh5 40. Ne8 Re7 41. Rxf5 Rxe8 42. Bd4 b4 43. Rxa5 Rc8 44. Kd2 b3 45. Rc5 Rb8
46. Bb2 Rf8 47. f3 Rd8+ 48. Ke2 Kh4 49. Rc6 h5 50. Rc5 Ra8 51. Kd3 g4 52. g3+
Kh3 53. Rxh5+ Kg2 54. f4 Kf3 55. e4 Rd8+ 56. Rd5 Rh8 57. e5 Rxh2 58. Kc3 Kxg3
59. f5 Kf4 60. Kxb3 Kxf5 61. Rd6 Rxb2+ 62. Kxb2 Kxe5 63. Rd1 Kf4 64. Kc2 Kf3
65. Kd3 g3 66. Rf1+ Kg2 67. Ke2 Kh2 68. Kf3 g2 69. Rf2 Kh1 1/2-1/2

[Event "Open Est 2013-2014"]
[Site "Aubagne"]
[Date "2013.10.05"]
[Round "1.27"]
[White "Catanese, Sauveur"]
[Black "Kallenberg, Hardi"]
[Result "1-0"]
[WhiteElo "1190"]
[BlackElo "1470"]
[PlyCount "136"]

1. d4 Nf6 2. c4 d5 3. e3 e6 4. Nc3 Bd7 5. Nf3 Nc6 6. Be2 a6 7. O-O b6 8. a4 Bb4
9. Bd2 Bxc3 10. Bxc3 Qe7 11. Bd3 a5 12. b3 Ne4 13. Bxe4 dxe4 14. Nd2 f5 15. Re1
O-O 16. Nf1 Nb4 17. Bxb4 Qxb4 18. Nd2 Rad8 19. Rc1 Be8 20. Nb1 c5 21. Nc3 cxd4
22. exd4 Rf7 23. d5 Qe7 24. Rc2 e5 25. Rd2 Qb4 26. Qc2 Rfd7 27. Red1 Bg6 28. d6
Qc5 29. Rd5 Qb4 30. Rb5 Qa3 31. Rxb6 e3 32. fxe3 Qc5 33. Nd5 f4 34. Qf2 fxe3
35. Qxe3 Qxe3+ 36. Nxe3 Be4 37. c5 Rc8 38. c6 Rxc6 39. Rxc6 Bxc6 40. Nc4 e4 41.
Nxa5 Ba8 42. Nc4 Bb7 43. a5 g6 44. Rc1 Ba6 45. Rd1 Kg7 46. Re1 Bb7 47. b4 h5
48. b5 Bd5 49. Nb6 Rxd6 50. Nxd5 Rxd5 51. Rxe4 Rxb5 52. a6 Ra5 53. Re7+ Kf6 54.
Ra7 Kg5 55. Kf2 Kg4 56. Rg7 g5 57. h3+ Kh4 58. Rg6 Rf5+ 59. Ke3 Kg3 60. a7 Ra5
61. Rxg5+ Rxg5 62. a8=Q Kh2 63. g4 hxg4 64. hxg4 Rxg4 65. Qb8+ Kh3 66. Kf3 Rg3+
67. Kf4 Rg4+ 68. Kf5 Rg8 1-0